Kooperačné vzťahy medzi sférou výroby a obchodu a ich vplyv na realizáciu distribučného manažmentu dizertačná práca

Guardado en:
Detalles Bibliográficos
Autor principal: Kremeňová, Monika
Autor Corporativo: Obchodná fakulta EU. Katedra marketingu
Otros Autores: Daňo, Ferdinand, 1959-
Formato: Libro
Lenguaje:eslovaco
Publicado: Bratislava 2011
Materias:
Etiquetas: Agregar Etiqueta
Sin Etiquetas, Sea el primero en etiquetar este registro!

MARC

LEADER 00000nam a2200000 4500
001 0136532
005 20240502072529.4
041 0 |a slo 
044 |a SK 
245 1 0 |a Kooperačné vzťahy medzi sférou výroby a obchodu a ich vplyv na realizáciu distribučného manažmentu  |b dizertačná práca  |c Monika Kremeňová ; školiteľ: Ferdinand Daňo 
264 1 |a Bratislava  |c 2011 
300 |a 171 s. 
610 2 0 |a výroba 
610 2 0 |a obchod 
610 2 0 |a distribúcia 
610 2 0 |a manažment logistický 
610 2 0 |a kanály distribučné 
610 2 0 |a metódy distribučné 
100 1 |a Kremeňová, Monika 
700 1 |a Daňo, Ferdinand, 1959- 
710 2 |a Obchodná fakulta EU. Katedra marketingu